00311nam a22000977a 4500082002900000245006000029260004600089300003300135526003700168650000800205 a343.0924bAllcL-32, p-9 aThe electricity act, 1910bAll Pakistan legal decisions aLahorebAll Pakistan legal decisonsc1910 a51 p, :bill, ;c20 cm.eMCE a0b0c0d343_092400000000000_ALL aMCE